| 000 | 00500nam a2200181Ia 4500 | ||
|---|---|---|---|
| 008 | 131103s9999 xx 000 0 und d | ||
| 040 | _aLoreto College | ||
| 041 | _aEnglish | ||
| 082 |
_aREF/WIN _bLCBED/9805 |
||
| 100 | _aWindley, Charles | ||
| 245 |
_aTeaching & learning with magic _cCharles Windley |
||
| 260 |
_aWashington _bAcropolis _c1976 |
||
| 300 |
_a123p. _b pic. _c 27cm. |
||
| 440 | _aThe Acropolis Invitation to Learning | ||
| 650 | _aREF | ||
| 850 | _aLCBED/REF/WIN | ||
| 942 | _cBK | ||
| 999 |
_c33771 _d84250 |
||